| 000 | 01040nam a2200229Ia 4500 | ||
|---|---|---|---|
| 003 | OSt | ||
| 005 | 20220114132614.0 | ||
| 008 | 191128s2016 ck er 000 j spa d | ||
| 020 | _a25393286 | ||
| 040 |
_aCO-JMCR _cCO-JMCR |
||
| 041 | 0 | _aspa | |
| 082 | 0 | 4 |
_aC / _bCONc |
| 100 |
_aConcurso de Cuento Ramón de Zubiría _92476 |
||
| 245 | 0 | 0 | _aXX Concurso de Cuento Ramón de Zubiría / |
| 250 | _aVigésima edición | ||
| 260 |
_aBogotá : _bKimpres, _c2016. |
||
| 300 |
_a102 páginas ; _c24 cm. |
||
| 505 | 0 | _aUna aventura literaria -- Recordando a Don Ramón -- Relación autores y cuentos -- instrucciones para leer una novela -- Historia de un tipo cualquiera -- El pacto -- El vidente -- Conversación con el jardin -- Bartolo -- El cuento de un cuento -- Un día dificil -- ¿Sepelio o se pelió? -- Somos uno -- Participación -- Memoria | |
| 520 | 3 | _aCompilación de diez cuentos participantes en el concurso de cuento Ramón de Zubiría. | |
| 650 | 1 | 4 |
_aCuentos colombianos -- Aventura literaria _92477 |
| 942 |
_2ddc _cBK |
||
| 999 |
_c3788 _d3788 |
||